000 00860nas a2200289 4500
001 BR2013008556
003 BR-BrBNA
005 20231205123122.0
007 ta
008 230509b bl.|||p| |||| 00| 00por d
040 _aBR-BrBNA
_bpor
_cBiblioteca Nacional de Agricultura
041 _a(Pt)
072 _aF04
100 1 _aCrusciol, C.A.C.
100 1 _aSoratto, R.P.
100 1 _aCastro, G.S.A.
100 1 _aCosta, C.H.N, da
100 1 _aFerrari Neto, J.
245 1 _aAplicação foliar de ácido silício estabilizado na soja, feijão e amendoim
650 _aSOJA
650 _aFEIJÃO
650 _aAMENDOIM
650 _aNUTRIENTE MINERAL
773 0 _tRevista Ciência Agronômica (Brazil)
_xISSN 0045-6888
_g(Apr-Jun 2013), v. 44(2) p. 404-410
_wBR2013008556
909 _a202311
_bLúcia
_c55
_dLúcia Elande
942 _2AGRIS
_n0
_cANA
999 _c232273
_d232273